| 000 | 02757cam a22004214i 4500 | ||
|---|---|---|---|
| 003 | PE-LiUPU | ||
| 005 | 20250731183429.0 | ||
| 008 | 150706s r 000 0 d | ||
| 020 | _a9788436234619 | ||
| 035 | _a(Sirsi) i9788436234619 | ||
| 040 |
_aPE-LiUPU _bspa _cPE-LiUPU _erda |
||
| 049 | _aPRUA | ||
| 082 | 0 | 4 |
_a711.4 _bC88 _221 |
| 100 | 1 |
_aCruces Villalobos, Francisco, _eautor. |
|
| 245 | 1 | 3 |
_aLa ciudad emergente : _btransformaciones urbanas, campo político y campo asociativo en un contexto local / _cFrancisco Cruces y Ángel Díaz de Rada. |
| 264 | 1 |
_aMadrid : _bUniversidad Nacional de Educación a Distancia, _c2009. |
|
| 300 |
_a155 páginas : _bilustraciones gráficos ; _c21 cm. |
||
| 336 |
_atext _2rdacontent |
||
| 337 |
_aunmediated _2rdamedia |
||
| 338 |
_avolume _2rdacarrier |
||
| 490 | 0 |
_aAula abierta ; _v105 |
|
| 504 | _aIncluye bibliografía. | ||
| 505 | 0 | _aConstitución e integración de una sociedad agregatoria de asalariados -- Del campo a la ciudad. inmigración y proceso demográfico -- De "pepineros" a urbanos. El surgimiento de la ciudad -- Del trabajo agrícola al salario urbano. transformación del contexto de trabajo -- Del franquismo a la democracia. Advenimiento e institucionalización del sistema representativo -- Del "dormitorio" al "lugar donde vivir". Desarrollo de servicios e infraestructuras -- De la "ciudad" a la "comunidad". Reconstrucción de las identidades -- De padres emigrados a hijos leganenses. Cambio doméstico y generacional -- Las asociaciones voluntarias y sus vinculaciones con lo político. Un estudio de casos -- Casa regional -- Peña festiva -- Agrupación deportiva -- Hermandad religiosa -- Defensa del consumidor -- Comerciantes y empresarios -- Universidad popular -- Asociación vecinal -- Un resumen comparativo -- La estructura paradójica del campo político en leganés -- El carácter ambiguo de las asociaciones voluntarias y sus relaciones con las instituciones especializadas -- Diversidad y paradojas del campo político en leganés. | |
| 526 | _aP158 | ||
| 526 | _aP146 | ||
| 526 | _aP17 | ||
| 526 | _aP12 | ||
| 526 | _aP06 | ||
| 541 | _g003-000204; | ||
| 650 | 0 | 4 |
_aUrbanismo _zLeganés . |
| 700 | 1 |
_aDíaz de Rada, Ángel, _eautor. |
|
| 910 |
_agl _bjv _clch _d20111013 |
||
| 942 |
_2ddc _cBOOK |
||
| 949 |
_a711.4 C88 _wDEWEY _c1 _i63795 _lCCODEBUL1 _mBUL _p22.00 _r0 _sY _tBOOK _u2015-7-6 _xINGENIERIA _PP06 _o.STAFF. Colección General |
||
| 994 |
_aC0 _bPEPRU |
||
| 596 | _a1 | ||
| 999 |
_a711.4 C88 _wDEWEY _c52686 _i63795 _d52686 _e2017-10-1 _f2021-11-9 _g7 _lCCODEBUL1 _mBUL _n4 _p22.00 _r0 _sY _tBOOK _u2015-7-6 _xINGENIERIA _PP06 _0COMPRA _o.STAFF. Colección General |
||
| 980 |
_81 _gALBERTO SANCHEZ Responsable de Automatización |
||